000 00700nam a2200289Ia 4500
005 20260324121217.0
008 008 260324s9999 xx 000 0 eng d
020 _a9781315815220
037 _aEBOOK
040 _aCRL
040 _beng
040 _cCRL
041 _2eng
041 _aeng
084 _qCRL
100 _aL. Philip Barnes
_91149132
245 0 _aEducation, Religion and Diversity
245 0 _bDeveloping a new model of religious education
260 _bTaylor and Francis
260 _c2014
365 _a
365 _b230
856 _uhttp://www.taylorfrancis.com/books/9781315815220
942 _cEBOOK
999 _c1753588
_d1753588